Enseñanza de la historia / (Record no. 134583)

MARC details
000 -CABECERA
campo de control de longitud fija 00839nam a2200253 a 4500
005 - FECHA Y HORA DE LA ÚLTIMA TRANSACCIÓN
campo de control 20220216063401.0
008 - ELEMENTOS DE LONGITUD FIJA--INFORMACIÓN GENERAL
campo de control de longitud fija 081006s1994 mx r 000 0 spa d
020 ## - NÚMERO INTERNACIONAL NORMALIZADO PARA LIBROS
Número Internacional Estándar del Libro 0827031742
035 ## - NÚMERO DE CONTROL DEL SISTEMA
Número de control de sistema UPN01000162470
049 ## - COLECCIÓN
Colección UNE
080 ## - NÚMERO DE CLASIFICACIÓN DECIMAL UNIVERSAL
Número de la Clasificación Decimal Universal 970/980 "1994" ENS No.29.
245 00 - MENCIÓN DE TÍTULO
Título Enseñanza de la historia /
Mención de responsabilidad, etc. comp. por Josefina Zoraida Vázquez, Pilar Gonzalbo Aizpuru.
260 ## - PUBLICACIÓN, DISTRIBUCIÓN, ETC.
Lugar de publicación, distribución, etc. Washington, D.C. :
Nombre del editor, distribuidor, etc. OEA,
Fecha de publicación, distribución, etc. 1994.
300 ## - DESCRIPCIÓN FÍSICA
Extensión x, 242 p.
440 #0 - MENCIÓN DE SERIE/ASIENTO SECUNDARIO--TÍTULO
Título INTERAMER ;
Designación de volumen o secuencia 29
500 ## - NOTA GENERAL
Nota general Incluye bibliografía
690 ## - PUNTO DE ACCESO ADICIONAL DE MATERIA LOCAL--TÉRMINO DE MATERIA (OCLC, RLIN)
Término de materia o nombre geográfico como elemento inicial Enseñanza de la historia - América Latina
690 ## - PUNTO DE ACCESO ADICIONAL DE MATERIA LOCAL--TÉRMINO DE MATERIA (OCLC, RLIN)
Término de materia o nombre geográfico como elemento inicial Historia - América Latina
690 ## - PUNTO DE ACCESO ADICIONAL DE MATERIA LOCAL--TÉRMINO DE MATERIA (OCLC, RLIN)
Término de materia o nombre geográfico como elemento inicial América Latina - Historia
700 1# - ASIENTO SECUNDARIO--NOMBRE DE PERSONAL
Nombre de persona Vázquez, Josefina Zoraida
Término indicativo de función/relación comp.
9 (RLIN) 29473
700 1# - ASIENTO SECUNDARIO--NOMBRE DE PERSONAL
Nombre de persona Gonzalbo Aizpuru, Pilar,
Término indicativo de función/relación comp.
710 2# - ASIENTO SECUNDARIO - NOMBRE CORPORATIVO
Nombre de entidad corporativa o nombre de jurisdicción como elemento de entrada Organización de los Estados Americanos
905 ## - TIPO DE MATERIAL
Tipo de material UNESCO
Holdings
Estado de retiro Estado de pérdida Fuente del sistema de clasificación o colocación Estado dañado No para préstamo Código de colección Localización permanente Ubicación/localización actual Ubicación en estantería Fecha de adquisición Clasificación Código de barras Fecha visto por última vez Número de copia Tipo de ítem Koha
    Library of Congress Classification   Disponible (Préstamo en sala) UNESCO Bib. Gregorio Torres Quintero Bib. Gregorio Torres Quintero Colecciones especiales Planta alta 03/02/2023 970/980 "1994" ENS No. 29 U10053 31/12/2020 1 Libro
    Library of Congress Classification   Disponible (Préstamo en sala) UNESCO Bib. Gregorio Torres Quintero Bib. Gregorio Torres Quintero Colecciones especiales Planta alta 03/02/2023 970/980 "1994" ENS No. 29 U10054 31/12/2020 1 Libro